|
|
|
|
| LEADER |
00000nab a2200000 a 4500 |
| 001 |
vtls000911262 |
| 003 |
SK-MaSNL |
| 005 |
20260305022506.0 |
| 008 |
040720e19990726xo 0 slo |
| 035 |
|
|
|a KE20181
|
| 040 |
|
|
|a KEVKJB
|b slo
|c KEVKJB
|e AACR2
|
| 041 |
0 |
|
|a slo
|
| 044 |
|
|
|a xo
|c SK
|
| 080 |
|
|
|a 908.437.671
|2 1981
|
| 100 |
1 |
|
|a Kyška, Roland,
|d 1978-
|4 aut
|9 411846
|
| 245 |
1 |
0 |
|a Dláždenie začína byť nákazlivou chorobou primátorov
|b Medzev oslávil v sobotu 640.výročie vysvätením kostola a otvorením námestia
|
| 590 |
|
|
|a Schuster, Rudolf 1934-,
|b politik, spisovateľ, primátor, prezident SR
|
| 600 |
1 |
7 |
|a Schuster, Rudolf,
|d 1934-,
|2 KEVKJB
|9 86070
|
| 650 |
0 |
7 |
|a mestá
|2 KEVKJB
|9 2929
|
| 650 |
0 |
7 |
|a výročie založenia 640.
|2 KEVKJB
|9 883512
|
| 650 |
0 |
7 |
|a zmienky písomné prvé
|2 KEVKJB
|9 877276
|
| 650 |
0 |
7 |
|a oslavy
|2 KEVKJB
|9 484766
|
| 650 |
0 |
7 |
|a účasť
|2 KEVKJB
|9 512611
|
| 650 |
0 |
7 |
|a reportáže
|2 KEVKJB
|9 75670
|
| 651 |
|
7 |
|a Medzev (Slovensko)
|2 KEVKJB
|9 25106
|
| 651 |
|
7 |
|a Košice-okolie (Slovensko : okres)
|2 KEVKJB
|9 146743
|
| 651 |
|
7 |
|a KS,
|2 KEVKJB
|9 880381
|
| 655 |
|
7 |
|a periodikum
|2 snkbucl
|9 29553
|
| 773 |
0 |
8 |
|t Korzár
|g Roč. 2, č.170, 26.7.1999, s. 3
|
| 852 |
|
|
|a ZVYKNI
|b KIS3GCP
|
| 999 |
|
|
|c 3291109
|d 3293039
|